000 00426nam a2200169Ia 4500
020 _a0538019808
082 _a657.45 RIC
100 _aRicchiute, David N.
_98172
245 _aAuditing
260 _aCincinnati, Ohio:
260 _bSouth-Western Publishing
260 _c1982
300 _a542p. :ill. ;24cm.
500 _aIncludes bibliogrpahical references and index
650 _aAuditingAccounting
_9202
942 _cBK
999 _c1108
_d1108